[Event "WchT Seniors 65"]
[Site "Krakow"]
[Date "2024.07.07"]
[Round "6.4"]
[White "O'Connor, Eddie"]
[Black "Dalling, Peter"]
[Result "1-0"]
[WhiteElo "1953"]
[BlackElo "1877"]
[PlyCount "99"]
[EventDate "2024.07.02"]
[EventType "team-swiss"]
[EventRounds "9"]
[EventCountry "POL"]
[SourceTitle "CBM 221 Extra"]
[Source "ChessBase"]
[SourceDate "2024.09.30"]
[SourceVersion "1"]
[SourceVersionDate "2024.09.30"]
[SourceQuality "1"]
[WhiteTeam "Ireland 65"]
[BlackTeam "Sweden 65"]
[WhiteTeamCountry "IRL"]
[BlackTeamCountry "SWE"]

1. e4 e5 2. Nf3 Nc6 3. Bb5 f5 4. d3 d6 5. Nc3 Be7 6. Nd5 Nf6 7. Nxe7 Qxe7 8. Bg5 h6 9. Bxf6 Qxf6 10. h3 Bd7 11. Qe2 a6 12. Bxc6 Bxc6 13. 0-0-0 0-0-0 14. Nd2 Rde8 15. f3 g5 16. Nb3 Ba4 17. Na5 b6 18. Nc4 Kb7 19. exf5 Qxf5 20. Qe4+ Qxe4 21. dxe4 Rd8 22. Ne3 Bd7 23. Rd2 Be6 24. Rhd1 Rd7 25. c4 Rhd8 26. b3 a5 27. a4 Rf8 28. Kb2 Rg7 29. Kc3 Rd7 30. Rb1 c5 31. Rbd1 Rfd8 32. Nf5 Bxf5 33. exf5 Kc6 34. Rd5 Rf8 35. g4 Rf6 36. Rh1 h5 37. h4 gxh4 38. Rxh4 hxg4 39. fxg4 Rg7 40. Kd3 Kd7 41. Ke4 Ke7 42. Rd3 Rf8 43. Rg3 Rfg8 44. Kf3 Rf8 45. Ke4 Rfg8 46. Kd5 Kd7 47. Rh6 Ke8 48. Rxd6 Rxg4 49. Rxg4 Rxg4 50. Kxe5 1-0

[Event "WchT Seniors 65"]
[Site "Krakow"]
[Date "2024.07.04"]
[Round "3.4"]
[White "Dalling, Peter"]
[Black "McAndrew, Robert"]
[Result "1/2-1/2"]
[WhiteElo "1877"]
[BlackElo "1926"]
[PlyCount "90"]
[EventDate "2024.07.02"]
[EventType "team-swiss"]
[EventRounds "9"]
[EventCountry "POL"]
[SourceTitle "CBM 221 Extra"]
[Source "ChessBase"]
[SourceDate "2024.09.30"]
[SourceVersion "1"]
[SourceVersionDate "2024.09.30"]
[SourceQuality "1"]
[WhiteTeam "Sweden 65"]
[BlackTeam "Scotland 65"]
[WhiteTeamCountry "SWE"]
[BlackTeamCountry "SCO"]

1. e4 c6 2. Nc3 d5 3. Nf3 Bg4 4. e5 c5 5. Bb5+ Nc6 6. h3 Bxf3 7. Qxf3 e6 8. d3 Qc7 9. Bf4 Nge7 10. 0-0 Rd8 11. Rfe1 Ng6 12. Bg3 Be7 13. Rad1 0-0 14. Bxc6 Qxc6 15. Qg4 f5 16. exf6 Rxf6 17. h4 Nf8 18. h5 Rf5 19. Re5 Bf6 20. Rxf5 exf5 21. Qxf5 Ne6 22. Be5 Nd4 23. Bxd4 Bxd4 24. Rf1 b5 25. Nd1 Rf8 26. Qg4 Qe8 27. c3 Be5 28. g3 Bd6 29. Kg2 Qe5 30. Ne3 d4 31. cxd4 cxd4 32. Nc2 Qd5+ 33. Qe4 Qf7 34. Nxd4 Bc5 35. Nf3 Re8 36. Qg4 Qxa2 37. d4 Bd6 38. Qd7 Qe6 39. Qxa7 Qd5 40. Qd7 Re4 41. Rc1 Rxd4 42. Rc8+ Bf8 43. Qxd5+ Rxd5 44. g4 Kf7 45. Rc6 Be7 1/2-1/2

[Event "WchT Seniors 65"]
[Site "Struga"]
[Date "2023.09.22"]
[Round "4.3"]
[White "Dalling, Peter"]
[Black "Quigley, Colm"]
[Result "1/2-1/2"]
[WhiteElo "1823"]
[BlackElo "1903"]
[PlyCount "83"]
[EventDate "2023.09.19"]
[EventType "team-swiss"]
[EventRounds "9"]
[EventCountry "MKD"]
[SourceTitle "CBM 216 Extra"]
[Source "ChessBase"]
[SourceDate "2023.11.30"]
[SourceVersion "1"]
[SourceVersionDate "2023.11.30"]
[SourceQuality "1"]
[WhiteTeam "Sweden 65"]
[BlackTeam "Ireland 65"]
[WhiteTeamCountry "SWE"]
[BlackTeamCountry "IRL"]

1. e4 c5 2. Nf3 d6 3. d4 cxd4 4. c3 Nf6 5. Bd3 dxc3 6. Nxc3 g6 7. h3 Bg7 8. 0-0 0-0 9. Qe2 Nc6 10. Rd1 Nd7 11. Bc4 Nde5 12. Nxe5 Nxe5 13. Bb3 Be6 14. Nd5 Bxd5 15. exd5 a6 16. Be3 Rc8 17. Rac1 Bf6 18. Rxc8 Qxc8 19. Rc1 Qb8 20. Qc2 Nd7 21. Qc7 Nc5 22. Qxb8 Rxb8 23. Bxc5 dxc5 24. Rxc5 Bxb2 25. Rc7 Ba3 26. g3 Kf8 27. Kg2 Bd6 28. Rc2 Ke8 29. f4 Kd8 30. Rc3 Rc8 31. Rf3 b5 32. f5 g5 33. f6 b4 34. fxe7+ Kxe7 35. Re3+ Kf6 36. Rf3+ Kg6 37. g4 Rc3 38. Rxc3 bxc3 39. Kf3 Kf6 40. Ke4 h6 41. Bc2 a5 42. Bb3 1/2-1/2

[Event "WchT Seniors 65"]
[Site "Prague"]
[Date "2020.03.09"]
[Round "4.13"]
[White "McKerracher, Douglas"]
[Black "Dalling, Peter"]
[Result "1-0"]
[WhiteElo "1852"]
[BlackElo "1817"]
[PlyCount "71"]
[EventDate "2020.03.06"]
[EventType "team-swiss"]
[EventRounds "7"]
[EventCountry "CZE"]
[SourceTitle "CBM 195 Extra"]
[Source "ChessBase"]
[SourceDate "2020.05.31"]
[SourceVersion "1"]
[SourceVersionDate "2020.05.31"]
[SourceQuality "1"]
[WhiteTeam "Scotland 65"]
[BlackTeam "Sweden 65 II"]
[WhiteTeamCountry "SCO"]
[BlackTeamCountry "SWE"]

1. e4 e5 2. Nf3 Nf6 3. Nxe5 Nc6 4. Nxc6 dxc6 5. e5 Ng4 6. d4 h5 7. h3 Nh6 8. Bc4 Qh4 9. Be3 Bf5 10. Nd2 0-0-0 11. Nf3 Qe7 12. 0-0 f6 13. c3 Be4 14. Re1 Bd5 15. Bxd5 Rxd5 16. Qc2 Qf7 17. Rad1 Be7 18. c4 Ra5 19. a3 g5 20. Qc3 Ra6 21. e6 Qf8 22. Qd3 g4 23. Bxh6 Qxh6 24. Nh4 gxh3 25. Qxh3 Qg5 26. Re3 Ra5 27. Rg3 Qh6 28. c5 b6 29. Nf5 Qf8 30. Rg7 Kb7 31. Rxe7 Kb8 32. Qg3 Qc8 33. Qf3 Re8 34. Qxc6 Rxe7 35. Nxe7 Qd8 36. Qd7 1-0

[Event "Wch Seniors 65 26th"]
[Site "Marianske Lazne"]
[Date "2016.11.23"]
[Round "5"]
[White "Schmieder, Siegfried"]
[Black "Dalling, Peter"]
[Result "0-1"]
[WhiteElo "2052"]
[BlackElo "1817"]
[PlyCount "24"]
[EventDate "2016.11.19"]
[EventType "swiss"]
[EventRounds "11"]
[EventCountry "CZE"]
[SourceTitle "CBM 175 Extra"]
[Source "ChessBase"]
[SourceDate "2016.12.12"]
[SourceVersion "1"]
[SourceVersionDate "2016.12.12"]
[SourceQuality "1"]

1. e4 e5 2. Nc3 Nf6 3. Bc4 Nc6 4. f4 Bc5 5. Nf3 d6 6. d3 Ng4 7. Qe2 Bf2+ 8. Kd1 Nd4 9. Qf1 Be3 10. fxe5 0-0 11. Nxd4 Bxd4 12. Ne2 Bxb2 0-1

[Event "Prague Holiday M22"]
[Site "Prague"]
[Date "2015.07.30"]
[Round "7"]
[White "Piankov, Evgenij"]
[Black "Dalling, Peter"]
[Result "1-0"]
[WhiteElo "2269"]
[BlackElo "1825"]
[PlyCount "114"]
[EventDate "2015.07.26"]
[EventType "tourn"]
[EventRounds "9"]
[EventCountry "CZE"]
[SourceTitle "EXT 2017"]
[Source "ChessBase"]
[SourceDate "2016.10.25"]
[SourceVersion "1"]
[SourceVersionDate "2016.10.25"]
[SourceQuality "1"]

1. Nf3 d5 2. g3 Nf6 3. Bg2 Nc6 4. d4 Bf5 5. 0-0 Nb4 6. Na3 e6 7. c3 Nc6 8. Qb3 Na5 9. Qa4+ c6 10. b4 Nc4 11. Nxc4 dxc4 12. b5 cxb5 13. Qxb5+ Qd7 14. Qxc4 Bd6 15. Qb3 0-0 16. Ba3 Bxa3 17. Qxa3 Be4 18. Rac1 b5 19. c4 bxc4 20. Rxc4 Bd5 21. Rcc1 Rfc8 22. Ne5 Qe8 23. Rxc8 Qxc8 24. Qe7 Qe8 25. Qxe8+ Rxe8 26. Bxd5 Nxd5 27. Rc1 f6 28. Nd3 Re7 29. Rc4 Kf7 30. Kg2 Rb7 31. e3 Ke7 32. Rc6 Rb6 33. Rxb6 axb6 34. Kf3 Kd6 35. e4 Nc3 36. Nc1 g5 37. h3 h5 38. Ke3 f5 39. f3 Nd1+ 40. Ke2 Nc3+ 41. Kd2 Nb5 42. Kd3 Nc7 43. Ne2 Na6 44. Kc4 Nc7 45. Nc3 Kc6 46. a4 Ne8 47. exf5 Nd6+ 48. Kd3 Nxf5 49. g4 hxg4 50. hxg4 Nh4 51. Ke4 Ng6 52. Ne2 Kd6 53. f4 gxf4 54. Nxf4 Nf8 55. Ne2 Nh7 56. Nc3 Ng5+ 57. Ke3 Nh3 1-0

[Event "Prague Holiday M22"]
[Site "Prague"]
[Date "2015.07.29"]
[Round "6"]
[White "Dalling, Peter"]
[Black "Hentzgen, Thomas"]
[Result "1/2-1/2"]
[WhiteElo "1825"]
[BlackElo "2085"]
[PlyCount "90"]
[EventDate "2015.07.26"]
[EventType "tourn"]
[EventRounds "9"]
[EventCountry "CZE"]
[SourceTitle "EXT 2017"]
[Source "ChessBase"]
[SourceDate "2016.10.25"]
[SourceVersion "1"]
[SourceVersionDate "2016.10.25"]
[SourceQuality "1"]

1. e4 c5 2. Nf3 Nc6 3. d4 cxd4 4. c3 dxc3 5. Nxc3 e6 6. Bc4 a6 7. a4 Nge7 8. Qe2 Ng6 9. Be3 Be7 10. 0-0 0-0 11. Rfd1 Qa5 12. Rac1 d6 13. b3 Bd7 14. Bd2 Qd8 15. Bd3 Rc8 16. Bb1 Nge5 17. Be3 Nxf3+ 18. Qxf3 f6 19. Qg3 Qe8 20. f4 Qh5 21. Bd3 Kh8 22. Be2 Qf7 23. Bd3 g6 24. Bb1 Nb4 25. e5 d5 26. Ne2 f5 27. Rxc8 Rxc8 28. Kh1 b5 29. axb5 Bxb5 30. Nd4 Bd8 31. h3 Qd7 32. Qf2 Nc6 33. Nf3 Be7 34. h4 Kg8 35. g3 a5 36. Kg2 a4 37. bxa4 Bxa4 38. Rh1 Rb8 39. Bd3 Nb4 40. Be2 Bb5 41. Nd4 Bxe2 42. Qxe2 Qa4 43. Nxe6 Kf7 44. Ng5+ Bxg5 45. hxg5 Kg8 1/2-1/2

[Event "Prague Holiday M21"]
[Site "Prague"]
[Date "2014.07.31"]
[Round "7"]
[White "Dalling, Peter"]
[Black "Gregor, Jiri"]
[Result "0-1"]
[WhiteElo "1907"]
[BlackElo "2307"]
[PlyCount "90"]
[EventDate "2014.07.27"]
[EventType "tourn"]
[EventRounds "9"]
[EventCountry "CZE"]
[SourceTitle "EXT 2023"]
[Source "ChessBase"]
[SourceDate "2022.10.05"]
[SourceVersion "1"]
[SourceVersionDate "2022.10.05"]
[SourceQuality "1"]

1. e4 c6 2. d4 d5 3. e5 Bf5 4. Bd3 Bxd3 5. Qxd3 e6 6. c3 Qc7 7. Nf3 a6 8. 0-0 c5 9. dxc5 Bxc5 10. Be3 Nd7 11. Nbd2 Rc8 12. Rfe1 Ne7 13. Nb3 Bxe3 14. Qxe3 h6 15. Nbd4 Nc5 16. Nd2 b5 17. f4 g6 18. Rac1 Na4 19. Rc2 Nf5 20. Nxf5 gxf5 21. Nf3 0-0 22. Nd4 Kh7 23. Qh3 Rg8 24. Rec1 Rg4 25. Qf3 Rcg8 26. Kh1 Nc5 27. b3 Ne4 28. Qe3 Qc5 29. Rf1 Rc8 30. Rfc1 Rcg8 31. Rf1 Rh4 32. Rf3 Rhg4 33. Rh3 a5 34. Rf3 Rb8 35. Rf1 Qb6 36. Rf3 b4 37. c4 dxc4 38. Rxc4 Nc3 39. Rc6 Qd8 40. Rd6 Qg8 41. Rh3 Qg6 42. Nxe6 fxe6 43. Qa7+ Qg7 44. Rd7 Rd8 45. Rxg7+ Rxg7 0-1

[Event "Prague Holiday M21"]
[Site "Prague"]
[Date "2014.07.30"]
[Round "6"]
[White "Barthel, Ansgar"]
[Black "Dalling, Peter"]
[Result "1-0"]
[WhiteElo "2226"]
[BlackElo "1907"]
[PlyCount "97"]
[EventDate "2014.07.27"]
[EventType "tourn"]
[EventRounds "9"]
[EventCountry "CZE"]
[SourceTitle "EXT 2023"]
[Source "ChessBase"]
[SourceDate "2022.10.05"]
[SourceVersion "1"]
[SourceVersionDate "2022.10.05"]
[SourceQuality "1"]

1. e4 e5 2. Nf3 Nf6 3. d4 Nxe4 4. Bd3 d5 5. dxe5 Be7 6. 0-0 0-0 7. c4 c6 8. cxd5 cxd5 9. Qc2 f5 10. exf6 Nxf6 11. Nd4 Bd6 12. h3 Bd7 13. Qb3 Nc6 14. Be3 Nxd4 15. Bxd4 Bc6 16. Nc3 Kh8 17. Rad1 Ne4 18. Bxe4 dxe4 19. Qe6 Qc7 20. Qxd6 Qxd6 21. Bxg7+ Kxg7 22. Rxd6 Rae8 23. Re1 Rf5 24. Re3 Rfe5 25. Ne2 R8e7 26. Nd4 Be8 27. f3 Bg6 28. fxe4 Bxe4 29. Rxe4 Rxe4 30. Nf5+ Kf7 31. Nxe7 Rxe7 32. Kf2 Rc7 33. Kf3 b5 34. g4 a5 35. Rd5 Rb7 36. Kf4 a4 37. Kg5 Kg7 38. h4 Rb6 39. Rd7+ Kg8 40. h5 h6+ 41. Kf5 Rc6 42. Rd5 Rb6 43. Ke5 Kg7 44. Rd7+ Kg8 45. Rd6 Rxd6 46. Kxd6 Kf7 47. Kc5 Kf6 48. Kxb5 Kg5 49. Kxa4 1-0